| 000 | 00816nam a2200181Ia 4500 | ||
|---|---|---|---|
| 001 | 6635 | ||
| 008 | 260622s9999 xx 000 0 und d | ||
| 245 | 0 |
_aشرق وغرب رجولة و أنوشة: _bدراسة في أزمة الجنس والحضارة في الرواية العربية/ _cجورج طرابيشي |
|
| 250 | _aالطبعة الثانية؛ | ||
| 260 |
_aبيروت؛ _bدار الطليعة للطباعة و النشر؛ _c1997 |
||
| 300 |
_a192p; _c20x14cm |
||
| 520 | _aEast and West... Masculinity and Femininity: A Study of the Crisis of Gender and Civilization in the Arabic Novel/ Georges Tarabichi. | ||
| 546 | _aArabic | ||
| 650 | _aPJ7501-8517 Arabic literature | ||
| 655 |
_aArticles مقالات _99420 |
||
| 700 |
_aTarabichi, Georges جورج طرابيشي _99491 |
||
| 942 | _cBK | ||
| 999 |
_c6635 _d6635 |
||